Neefektívne socialistické sociálne zabezpečenie by sa malo do roku 1999 pretvoriť na moderný sociálny systém
Fungovanie a transformácia systému sociálneho zabezpečenia. Sociálne poistenie. Štátna sociálna podpora. Sociálna pomoc a sociálne služby. Úrazové poistenie.
Salvato in:
| Autore principale: | |
|---|---|
| Natura: | Capitolo di libro |
| Lingua: | slovacco |
| Soggetti: | |
| Tags: |
Nessun Tag, puoi essere il primo ad aggiungerne!!
|
MARC
| LEADER | 00000naa a2200000 4500 | ||
|---|---|---|---|
| 001 | r020164 | ||
| 005 | 20221213100943.6 | ||
| 041 | 0 | |a slo | |
| 044 | |a SK | ||
| 245 | 1 | 0 | |a Neefektívne socialistické sociálne zabezpečenie by sa malo do roku 1999 pretvoriť na moderný sociálny systém |c Ľ. Jurina |
| 520 | |a Fungovanie a transformácia systému sociálneho zabezpečenia. Sociálne poistenie. Štátna sociálna podpora. Sociálna pomoc a sociálne služby. Úrazové poistenie. | ||
| 610 | 2 | 0 | |a zabezpečenie sociálne |
| 610 | 2 | 0 | |a poistenie sociálne |
| 610 | 2 | 0 | |a poistenie úrazové |
| 610 | 2 | 0 | |a pomoc sociálna |
| 100 | 1 | |a Jurina, Ľ. | |